Software engineering : (رقم التسجيلة. 14260)

تفاصيل مارك
000 -الفاتح
حقل البيانات ثابتة الطول 00543nam a22001937a 4500
003 - محدد رقم الضبط
رقم الضبط OSt
005 - وقت وتاريخ اخر تعامل مع التسجيلة
رقم الضبط 20150408113918.0
008 - عناصر البيانات ثابتة الطول - معلومات عامة
حقل البيانات ثابتة الطول 110907t 2010xxu||||| |||| 00| 0 eng d
040 ## - مصدر الفهرسة
وكالة النسخ DCL
082 ## - رقم تصنيف ديوى العشرى
رقم الطبعة 21
رقم التصنيف 005.1
رقم المادة PRS
100 ## - المدخل الرئيسى - إسم شخصى
الإسم الشخصى Pressman, Roger S.
9 (RLIN) 4031
245 ## - بيان العنوان
العنوان Software engineering :
بقية العنوان a practitioner's approach /
بيان المسئوليه,etc Roger S. Pressman.
250 ## - بيان الطبعة
بيان الطبعة 7th ed.
260 ## - PUBLICATION, DISTRIBUTION, ETC. (IMPRINT)
مكان الناشر او الموزع New York ;
اسم الناشر او الموزع McGraw-Hill,
تاريخ النشر أو التوزيع 2010
300 ## - الوصف المادى
التعداد 895 p. :
تفاصيل ماديه اخرى للوعاء ill. '
أبعاد الوعاء 24 cm.
500 ## - تبصرة عامة
تبصرة عامة Includes index.
650 ## - المدخل الاضافى بالموضوع-مصطلح موضوعى
مصطلح موضوعي أو اسم جغرافي كعنصر مدخل Software engineering.
942 ## - عناصر المدخل الإضافي( كوها)
مصدر التصنيف او مخطط الترفيف Dewey Decimal Classification
Koha [default] item type DVD
المقتنيات
حالة الفقد نموذج السعر الفعال حالة تلف ليس للاعارة رقم الطلب تاريخ الاكتساب الموقع الحالي الباركود الفرع الرئيسي Date last seen نوع المادة فى نظام كوها مصدر التصنيف او خطة الترفيف Total Checkouts رقم النسخة Date last checked out
  2013-03-14   Not For Loan 005.1 PRS 2013-03-14 المكتبة المركزية بالمجمعة (CL) 00305002 المكتبة المركزية بالمجمعة (CL) 2013-03-14 كتاب Dewey Decimal Classification   1  
  2013-03-14     005.1 PRS 2013-03-14 المكتبة المركزية بالمجمعة (CL) 00304973 المكتبة المركزية بالمجمعة (CL) 2013-03-14 كتاب Dewey Decimal Classification   2  
  2013-03-14     005.1 PRS 2013-03-14 المكتبة المركزية بالمجمعة (CL) 00304974 المكتبة المركزية بالمجمعة (CL) 2013-03-14 كتاب Dewey Decimal Classification   3  
  2013-03-10     005.1 PRS 2011-09-07 قسم الاجراءات الفنية (IC) 00101861 قسم الاجراءات الفنية (IC) 2013-03-10 كتاب Dewey Decimal Classification      
  2013-03-10     005.1 PRS 2011-09-07 قسم الاجراءات الفنية (IC) 00101859 قسم الاجراءات الفنية (IC) 2013-03-10 كتاب Dewey Decimal Classification      
  2013-03-10     005.1 PRS 2011-09-07 قسم الاجراءات الفنية (IC) 00101860 قسم الاجراءات الفنية (IC) 2013-03-10 كتاب Dewey Decimal Classification      
  2013-03-10     005.1 PRS 2011-09-07 كلية الشريعة والقانون - طلاب 00101858 كلية الشريعة والقانون - طلاب 2013-03-10 كتاب Dewey Decimal Classification      
  2013-03-14   Not For Loan 005.1 PRS 2013-03-14 مكتبة كلية التربية بالزلفى - طالبات (EZF) 00304979 مكتبة كلية التربية بالزلفى - طالبات (EZF) 2024-06-09 كتاب Dewey Decimal Classification 1 1 2018-08-29
  2013-03-14     005.1 PRS 2013-03-14 مكتبة كلية التربية بالزلفى - طالبات (EZF) 00304980 مكتبة كلية التربية بالزلفى - طالبات (EZF) 2013-03-14 كتاب Dewey Decimal Classification   2  
  2013-03-14     005.1 PRS 2013-03-14 مكتبة كلية التربية بالزلفى - طالبات (EZF) 00304983 مكتبة مجمع الكليات بالزلفى - طلاب (SZM) 2020-03-01 كتاب Dewey Decimal Classification 1 2 2018-05-20
  2013-03-14   Not For Loan 005.1 PRS 2013-03-14 مكتبة مجمع الطالبات بالمجمعة (EMF) 00304975 مكتبة مجمع الطالبات بالمجمعة (EMF) 2013-03-14 كتاب Dewey Decimal Classification   1  
  2013-03-14     005.1 PRS 2013-03-14 مكتبة مجمع الطالبات بالمجمعة (EMF) 00304976 مكتبة مجمع الطالبات بالمجمعة (EMF) 2014-02-02 كتاب Dewey Decimal Classification 1 2 2013-09-17
  2013-03-14   Not For Loan 005.1 PRS 2013-03-14 مكتبة مجمع الكليات بالزلفى - طلاب (SZM) 00304982 مكتبة مجمع الكليات بالزلفى - طلاب (SZM) 2013-03-14 كتاب Dewey Decimal Classification   1